Reporting statement: Operating and financial review (Record no. 105132)
[ view plain ]
| 000 -LEADER | |
|---|---|
| fixed length control field | 00324cam a2200121 4500 |
| 001 - CONTROL NUMBER | |
| control field | L132417 |
| 008 - FIXED-LENGTH DATA ELEMENTS--GENERAL INFORMATION | |
| fixed length control field | 060206n2006 000 0 eng u |
| 020 ## - INTERNATIONAL STANDARD BOOK NUMBER | |
| International Standard Book Number | 1841407550 |
| 035 ## - SYSTEM CONTROL NUMBER | |
| System control number | (Sirsi) u132417 |
| 245 ## - TITLE STATEMENT | |
| Title | Reporting statement: Operating and financial review |
| 260 ## - PUBLICATION, DISTRIBUTION, ETC. | |
| Place of publication, distribution, etc. | Accounting standards board |
| Date of publication, distribution, etc. | 2006 |
| 942 ## - ADDED ENTRY ELEMENTS (KOHA) | |
| Suppress in OPAC | 0 |
No items available.